| 000 | 00544nam a2200229Ia 4500 | ||
|---|---|---|---|
| 005 | 20250425161917.0 | ||
| 008 | 250425s9999 xx 000 0 und d | ||
| 041 | _aspa | ||
| 082 | _a658 | ||
| 100 | _aKOTLER, JOHN P. | ||
| 245 | 0 | _aEL FRACASO DEL CAMBIO | |
| 250 | _a1A ED. | ||
| 260 |
_aEstados Unidos _bS.E. _c1990 |
||
| 260 | _aNEW YORK | ||
| 300 | _a10 | ||
| 500 | _aFolleto ( Fotocopia) | ||
| 650 | _aORGANIZACIONES EMPRESARIALES | ||
| 650 | _aPLANEACION | ||
| 650 | _aPROCESOS DE CAMBIO | ||
| 942 | _c01 | ||
| 010 | _a34669 | ||
| 999 |
_c218665 _d218665 |
||